[Event "Wch U10"]
[Site "Montesilvano"]
[Date "2024.11.23"]
[Round "8"]
[White "Todmunkh, Turbat"]
[Black "Gim, Hajin"]
[Result "1-0"]
[WhiteElo "1773"]
[BlackElo "1603"]
[PlyCount "61"]
[EventDate "2024.11.15"]
[EventType "swiss"]
[EventRounds "11"]
[EventCountry "ITA"]
[SourceTitle "CB48_2024"]
[SourceDate "2024.11.28"]
[SourceVersion "1"]
[SourceVersionDate "2024.11.28"]
[SourceQuality "1"]

1. e4 c5 2. Nf3 Nc6 3. Bb5 g6 4. Bxc6 bxc6 5. 0-0 Bg7 6. d3 Nf6 7. Nc3 0-0 8. h3 d5 9. Re1 Ba6 10. e5 Nd7 11. e6 Nf6 12. exf7+ Rxf7 13. Ng5 c4 14. Nxf7 Kxf7 15. d4 Kg8 16. Bg5 Qd6 17. Qd2 Rf8 18. Re2 Rb8 19. Rae1 Rxb2 20. Rxe7 Qb4 21. Bh6 Bh8 22. Qe3 Ne4 23. Re8+ Kf7 24. Rf8+ Qxf8 25. Bxf8 Kxf8 26. Nxe4 dxe4 27. Qf4+ Kg7 28. Rxe4 Rb1+ 29. Kh2 Rb5 30. Re7+ Kg8 31. Qf7# 1-0

[Event "Wch U10"]
[Site "Montesilvano"]
[Date "2024.11.19"]
[Round "5"]
[White "Deepak Ambattu, Rithvik"]
[Black "Todmunkh, Turbat"]
[Result "1-0"]
[WhiteElo "2063"]
[BlackElo "1773"]
[PlyCount "107"]
[EventDate "2024.11.15"]
[EventType "swiss"]
[EventRounds "11"]
[EventCountry "ITA"]
[SourceTitle "CB48_2024"]
[SourceDate "2024.11.28"]
[SourceVersion "1"]
[SourceVersionDate "2024.11.28"]
[SourceQuality "1"]

1. e4 e5 2. Nf3 Nc6 3. Bb5 a6 4. Ba4 Nf6 5. 0-0 Be7 6. Re1 b5 7. Bb3 0-0 8. d3 d6 9. c3 Na5 10. Bc2 c5 11. Nbd2 Nc6 12. Nf1 h6 13. h3 Re8 14. Ng3 Bf8 15. d4 Bb7 16. d5 Na5 17. Nf5 Bc8 18. g4 Bxf5 19. gxf5 Nh7 20. Kh2 Kh8 21. Rg1 Be7 22. b3 Nb7 23. Qe2 Qd7 24. Bd2 a5 25. Bd3 c4 26. bxc4 bxc4 27. Bxc4 Rec8 28. Bb5 Qd8 29. Bc6 Rab8 30. c4 Nc5 31. Bc3 Ng5 32. Nd2 Bf8 33. Rab1 a4 34. Qe3 f6 35. f3 Rxb1 36. Rxb1 Rb8 37. Rb5 Be7 38. Qe2 Qc8 39. Qf1 Kh7 40. Qb1 Rxb5 41. cxb5 g6 42. h4 Nf7 43. fxg6+ Kxg6 44. Qg1+ Kh7 45. Nc4 f5 46. Nb6 Qc7 47. exf5 Qxb6 48. Qg6+ Kh8 49. Qxf7 Nd3 50. Qe8+ Bf8 51. Qxf8+ Kh7 52. Qf7+ Kh8 53. Qe8+ Kh7 54. Qd7+ 1-0

[Event "Wch U10"]
[Site "Montesilvano"]
[Date "2024.11.18"]
[Round "4"]
[White "Todmunkh, Turbat"]
[Black "Wang, Yuwei"]
[Result "1-0"]
[WhiteElo "1773"]
[BlackElo "1576"]
[PlyCount "50"]
[EventDate "2024.11.15"]
[EventType "swiss"]
[EventRounds "11"]
[EventCountry "ITA"]
[SourceTitle "CB48_2024"]
[SourceDate "2024.11.28"]
[SourceVersion "1"]
[SourceVersionDate "2024.11.28"]
[SourceQuality "1"]

1. e4 c5 2. c3 d5 3. exd5 Qxd5 4. d4 cxd4 5. cxd4 Nc6 6. Nf3 Bg4 7. Be2 e6 8. Nc3 Bb4 9. 0-0 Qa5 10. Bd2 Nf6 11. a3 Bxc3 12. bxc3 Ne4 13. Qc2 Nxd2 14. Qxd2 Rd8 15. Qf4 Bxf3 16. Qxf3 0-0 17. Rfd1 Rd5 18. Bd3 Rc8 19. Rab1 b6 20. Bc4 Rf5 21. Qe4 Nd8 22. d5 Qc5 23. dxe6 Qxf2+ 24. Kh1 Qf4 25. e7 Ne6 1-0

[Event "Wch U10"]
[Site "Montesilvano"]
[Date "2024.11.17"]
[Round "3"]
[White "Qian, Qipeng"]
[Black "Todmunkh, Turbat"]
[Result "1/2-1/2"]
[WhiteElo "1641"]
[BlackElo "1773"]
[PlyCount "163"]
[EventDate "2024.11.15"]
[EventType "swiss"]
[EventRounds "11"]
[EventCountry "ITA"]
[SourceTitle "CB48_2024"]
[SourceDate "2024.11.28"]
[SourceVersion "1"]
[SourceVersionDate "2024.11.28"]
[SourceQuality "1"]

1. d4 Nf6 2. c4 g6 3. Nc3 Bg7 4. e4 d6 5. Be2 0-0 6. Bg5 c6 7. Qd2 Nbd7 8. Rd1 e5 9. d5 Qa5 10. Nf3 cxd5 11. cxd5 Nc5 12. Bxf6 Bxf6 13. 0-0 Bg7 14. Nb5 Qd8 15. Qc2 a6 16. Nc3 Bg4 17. h3 Bxf3 18. Bxf3 f5 19. b4 Nd7 20. Be2 Rc8 21. Qd2 Nf6 22. Bd3 f4 23. Be2 h5 24. f3 Qb6+ 25. Kh2 Qxb4 26. Nb1 Qxd2 27. Rxd2 Nd7 28. Rb2 Nc5 29. Rc1 Bf6 30. Nd2 b5 31. Rbc2 Be7 32. Nb3 Kf7 33. Nxc5 dxc5 34. a4 c4 35. axb5 axb5 36. Rb1 Rb8 37. d6 Bxd6 38. Rxb5 Rxb5 39. Bxc4+ Ke7 40. Bxb5 Rb8 41. Be2 Rb1 42. g3 g5 43. g4 h4 44. Kg2 Bb8 45. Bf1 Kd6 46. Bd3 Ra1 47. Bf1 Ba7 48. Rd2+ Bd4 49. Rc2 Bc5 50. Rd2+ Kc6 51. Rc2 Kb6 52. Rb2+ Kc7 53. Rc2 Kc6 54. Rb2 Rc1 55. Bb5+ Kd6 56. Bf1 Bd4 57. Rd2 Kc5 58. Be2 Re1 59. Bf1 Kb4 60. Rd3 Ra1 61. Kh1 Ra2 62. Bg2 Rf2 63. Rd1 Kc3 64. Rc1+ Kd2 65. Rf1 Re2 66. Kh2 Ke3 67. Kh1 Bc3 68. Kg1 Bb4 69. Rb1 Bc5 70. Rc1 Bd4 71. Kh2 Kd2 72. Rf1 Re1 73. Rxe1 Kxe1 74. Bh1 Bf2 75. Bg2 Bg3+ 76. Kg1 Ke2 77. Bh1 Bf2+ 78. Kh2 Bg3+ 79. Kg1 Ke1 80. Bg2 Ke2 81. Bh1 Ke1 82. Bg2 1/2-1/2

[Event "Asia-ch U10"]
[Site "Almaty"]
[Date "2024.06.18"]
[Round "8"]
[White "Todmunkh, Turbat"]
[Black "Bolashakov, Nurali"]
[Result "0-1"]
[WhiteElo "1755"]
[BlackElo "1843"]
[PlyCount "147"]
[EventDate "2024.06.12"]
[EventType "swiss"]
[EventRounds "9"]
[EventCountry "KAZ"]
[SourceTitle "EXT 2025"]
[Source "ChessBase"]
[SourceDate "2024.10.14"]
[SourceVersion "1"]
[SourceVersionDate "2024.10.14"]
[SourceQuality "1"]
[WhiteTeam "MGL"]
[BlackTeam "KAZ"]

1. e4 c5 2. c3 d5 3. exd5 Qxd5 4. d4 Nf6 5. Nf3 Bg4 6. Be2 e6 7. a3 Nc6 8. Be3 cxd4 9. cxd4 Be7 10. Nc3 Qd6 11. h3 Bh5 12. 0-0 0-0 13. Qb3 a6 14. Rfd1 Rfd8 15. Rd2 b5 16. Rad1 b4 17. axb4 Nxb4 18. Ne5 Bxe2 19. Nxe2 Ne4 20. Rc2 Nxc2 21. Qxc2 Nf6 22. Nf4 Rdc8 23. Qe2 Rab8 24. Rd2 Nd5 25. Rd1 Nxf4 26. Bxf4 Rb7 27. Ng6 Qb6 28. Nxe7+ Rxe7 29. d5 Rd7 30. d6 Qb5 31. Qxb5 axb5 32. Re1 Rc4 33. Bg3 Rc5 34. Ra1 f6 35. Ra6 Rd5 36. Rb6 e5 37. f4 e4 38. f5 Rxf5 39. b4 Rd5 40. Kf2 Kf7 41. h4 Ke6 42. Bh2 Rd2+ 43. Kf1 Rd5 44. Ke2 f5 45. Bf4 h6 46. h5 Kf6 47. g3 Ke6 48. Ke3 Ra7 49. Rb8 Ra2 50. Re8+ Kd7 51. Re7+ Kd8 52. Bxh6 gxh6 53. Re6 Ra3+ 54. Ke2 Rxg3 55. Rxh6 Rg2+ 56. Ke3 Kd7 57. Rf6 Rg3+ 58. Kf2 Ra3 59. Ke2 Rh3 60. h6 Rh5 61. Ke3 Rxd6 62. Rf7+ Kc6 63. h7 Rdh6 64. Kd4 Rxh7 65. Rf6+ Kc7 66. Kc5 Re7 67. Rc6+ Kd7 68. Rd6+ Ke8 69. Kxb5 e3 70. Rd1 e2 71. Re1 f4+ 72. Kc6 f3 73. b5 f2 74. Kb6 0-1

[Event "Asia-ch U10"]
[Site "Almaty"]
[Date "2024.06.16"]
[Round "6"]
[White "Kadyr, Aldiyar"]
[Black "Todmunkh, Turbat"]
[Result "0-1"]
[WhiteElo "1685"]
[BlackElo "1755"]
[PlyCount "143"]
[EventDate "2024.06.12"]
[EventType "swiss"]
[EventRounds "9"]
[EventCountry "KAZ"]
[SourceTitle "EXT 2025"]
[Source "ChessBase"]
[SourceDate "2024.10.14"]
[SourceVersion "1"]
[SourceVersionDate "2024.10.14"]
[SourceQuality "1"]
[WhiteTeam "KAZ"]
[BlackTeam "MGL"]

1. e4 e5 2. Nf3 Nc6 3. d4 exd4 4. Bc4 Nf6 5. 0-0 Nxe4 6. Re1 d5 7. Bxd5 Qxd5 8. Nc3 Qh5 9. Nxe4 Be7 10. Bg5 Bg4 11. Bxe7 Nxe7 12. Qxd4 Bxf3 13. gxf3 0-0 14. Ng3 Qd5 15. Rad1 Qxd4 16. Rxd4 Nc6 17. Rd7 Rac8 18. Nf5 Rfd8 19. Red1 Rxd7 20. Rxd7 Kf8 21. f4 Ke8 22. Rd3 g6 23. Ne3 Ne7 24. Ra3 a6 25. Ng4 Nd5 26. Ra4 c5 27. Re4+ Kf8 28. Ne5 Rc7 29. Rc4 Kg7 30. Nd3 b6 31. a4 a5 32. c3 Rd7 33. Kf1 f5 34. Ke2 Re7+ 35. Kf3 Nf6 36. Ne5 Ne4 37. Ke3 Nd6 38. Kd3 Nxc4 39. Kxc4 g5 40. Nd3 gxf4 41. Kb5 Re6 42. Nxf4 Rh6 43. h3 Rd6 44. c4 Rd2 45. Kxb6 Rxf2 46. Nd3 Rd2 47. Nxc5 Rxb2+ 48. Kxa5 Kf6 49. Nd3 Rb3 50. Nf2 Ke5 51. h4 Kd4 52. Ka6 Kxc4 53. a5 Kd4 54. Ka7 Ke3 55. Nh3 f4 56. h5 f3 57. a6 f2 58. Nxf2 Kxf2 59. Ka8 Kg3 60. a7 Kg4 61. h6 Ra3 62. Kb7 Kg5 63. a8Q Rxa8 64. Kxa8 Kxh6 65. Kb7 Kg5 66. Kc6 h5 67. Kd5 Kf4 68. Kd4 h4 69. Kd3 Kf3 70. Kd2 h3 71. Ke1 h2 72. Kf1 0-1

[Event "World Amateur-ch U1700"]
[Site "Muscat"]
[Date "2023.11.05"]
[Round "4.8"]
[White "Todmunkh, Turbat"]
[Black "Inyushkin, Sergei"]
[Result "0-1"]
[WhiteElo "1341"]
[BlackElo "1699"]
[PlyCount "108"]
[EventDate "2023.11.02"]
[EventType "swiss"]
[EventRounds "9"]
[EventCountry "OMN"]
[SourceTitle "CBM 217 Extra"]
[Source "ChessBase"]
[SourceDate "2024.01.31"]
[SourceVersion "1"]
[SourceVersionDate "2024.01.31"]
[SourceQuality "1"]

1. e4 c6 2. d4 d5 3. exd5 cxd5 4. Bd3 Nc6 5. c3 Qc7 6. h3 g6 7. Nf3 Bf5 8. 0-0 Nf6 9. Re1 Bxd3 10. Qxd3 Bg7 11. Bg5 0-0 12. Nbd2 h6 13. Bh4 Nh5 14. Nf1 e6 15. Bg3 Nxg3 16. Nxg3 Rab8 17. h4 b5 18. h5 g5 19. b4 a5 20. a3 Rfc8 21. Rac1 Bf6 22. Nh2 Qf4 23. Ne2 Qd6 24. Qf3 Bg7 25. Ng4 f5 26. Ne3 a4 27. Rc2 Nd8 28. Nc1 Nf7 29. Nd3 f4 30. Ng4 Re8 31. Rce2 Rbc8 32. Nc5 e5 33. dxe5 Nxe5 34. Nxe5 Rxe5 35. Rxe5 Bxe5 36. Qg4 Rc7 37. Qf5 Re7 38. Nd3 Bf6 39. Qg6+ Kf8 40. Qxh6+ Ke8 41. Qg6+ Kf8 42. Rxe7 Qxe7 43. Qf5 Qf7 44. h6 Kg8 45. Ne5 Bxe5 46. Qxe5 g4 47. Qb8+ Kh7 48. Qxb5 f3 49. Qxa4 Qf5 50. Qa7+ Kxh6 51. Qe3+ Kg7 52. gxf3 gxf3 53. Qd4+ Kf7 54. a4 Qg5+ 0-1